2022 Starting QBs - Statistics

General Stats
  • This quiz has been taken 13 times
  • The average score is 26 of 32
Answer Stats
Team Answer % Correct
Arizona Cardinals Kyler Murray
100%
Philidelphia Eagles Jalen HURTS
92%
Buffalo Bills Josh Allen
92%
Baltimore Ravens Lamar Jackson
92%
Indianapolis Colts Matt Ryan
92%
Tampa Bay Buccaneers Tom Brady
92%
Miami Dolphins Tua Tagovailoa
92%
Green Bay Packers Aaron Rodgers
85%
Dallas Cowboys Dak Prescott
85%
Cincinatti Bengals Joe Burrow
85%
Chicago Bears Justin Fields
85%
Kansas City Chiefs Patric Mahomes
85%
San Fransisco 49ers Trey Lance
85%
Carolina Panthers Baker Mayfield
77%
New York Giants Daniel Jones
77%
Las Vegas Raiders Derek Carr
77%
New Orleans Saints Jameis Winston
77%
Detroit Lions Jared Goff
77%
Los Angeles Chargers Justin Herbert
77%
Minnesota Vikings Kirk Cousins
77%
New England Patriots Mac Jones
77%
Atlanta Falcons Marcus Mariota
77%
Denver Broncos Russel Wilson
77%
Tennessee Titans Ryan Tannehill
77%
Jacksonville Jaguars Trevor Lawrence
77%
New York Jets Zach Wilson
77%
Houston Texans David Mills
69%
Cleveland Browns Deshaun Watson
69%
Seatle Seahawks Drew Lock
69%
Los Angeles Rams Mathew Stafford
69%
Washington Commanders Carson Wentz
62%
Pittsburgh Steelers Kenny Pickett
62%
No matching quizzes found
Score Distribution
Percent of People with Each Score
Percentile by Number Answered
Your Score History
You have not taken this quiz